000
00306nam a2200133Ia 4500
008
231217s9999 xx 000 0 und d
041
_a
English
100
_a
Norton, Peter
245
0
_a
Dos guide
260
_c
1989
_b
New Delhi : PHI,
300
_a
xvi+350
650
_a
Operating systems
942
_c
AA
999
_c
160850
_d
160850